Моделирование и оптимизация процесса плазменной утилизации иловых отложений бассейнов-хранилищ жидких радиоактивных отходов; Изотопы: технологии, материалы и применение

Dades bibliogràfiques
Parent link:Изотопы: технологии, материалы и применение.— 2014.— [С. 124-126]
Autor principal: Тундешев Н. В. Николай Владиславович
Autor corporatiu: Национальный исследовательский Томский политехнический университет
Altres autors: Пиунова К. Г. Ксения Григориевна (научный руководитель), Каренгин А. Г. Александр Григорьевич
Sumari:Заглавие с титульного экрана
Idioma:rus
Publicat: 2014
Col·lecció:Технологии утилизации и хранения отходов изотопных производств
Matèries:
Accés en línia:http://earchive.tpu.ru/handle/11683/69760
http://www.lib.tpu.ru/fulltext/c/2014/C84/060.pdf
Format: MixedMaterials Electrònic Capítol de llibre
KOHA link:https://koha.lib.tpu.ru/cgi-bin/koha/opac-detail.pl?biblionumber=609700

MARC

LEADER 00000naa2a2200000 4500
001 609700
005 20260325134515.0
035 |a (RuTPU)RU\TPU\conf\7212 
035 |a RU\TPU\conf\7211 
090 |a 609700 
100 |a 20141126d2014 k y0rusy50 ca 
101 0 |a rus 
102 |a RU 
135 |a drgn ---uucaa 
181 0 |a i  
182 0 |a b 
200 1 |a Моделирование и оптимизация процесса плазменной утилизации иловых отложений бассейнов-хранилищ жидких радиоактивных отходов  |f Н. В. Тундешев, К. Г. Пиунова  |g науч. рук. А. Г. Каренгин 
203 |a Текст  |c электронный 
225 1 |a Технологии утилизации и хранения отходов изотопных производств 
300 |a Заглавие с титульного экрана 
320 |a [Библиогр.: с. 126 (5 назв.)] 
337 |a Adobe Reader 
463 0 |0 (RuTPU)RU\TPU\conf\6940  |t Изотопы: технологии, материалы и применение  |o материалы Международной научной конференции молодых ученых, аспирантов и студентов, г. Томск, 20-24 октября 2014 г.  |f Национальный исследовательский Томский политехнический университет (ТПУ)  |v [С. 124-126]  |d 2014 
610 1 |a труды учёных ТПУ 
610 1 |a электронный ресурс 
610 1 |a моделирование процесса 
610 1 |a оптимизация процессов 
610 1 |a плазменная утилизация 
610 1 |a иловые отложения 
610 1 |a бассейны 
610 1 |a хранилища 
610 1 |a жидкие радиоактивные отходы 
700 1 |a Тундешев  |b Н. В.  |c физик  |c техник-проектировщик Томского политехнического университета  |g Николай Владиславович  |3 (RuTPU)RU\TPU\pers\33089 
701 1 |a Пиунова  |b К. Г.  |c физик  |c техник-проектировщик Томского политехнического университета  |f 1993-  |g Ксения Григориевна  |3 (RuTPU)RU\TPU\pers\32436 
702 1 |a Каренгин  |b А. Г.  |c физик  |c доцент Томского политехнического университета, кандидат физико-математических наук  |f 1950-  |g Александр Григорьевич  |4 727 
712 0 2 |a Национальный исследовательский Томский политехнический университет  |c (2009- )  |9 26305 
801 2 |a RU  |b 63413507  |c 20141124  |g RCR 
801 2 |a RU  |b 63413507  |c 20220221  |g RCR 
850 |a 63413507 
856 4 |u http://earchive.tpu.ru/handle/11683/69760 
856 4 |u http://www.lib.tpu.ru/fulltext/c/2014/C84/060.pdf 
942 |c BK